[Event "Challenge"]
[Site "http://www.queenalice.com/game.php?id=1148076"]
[Date "2013.2.2"]
[Round "-"]
[White "Metchess"]
[Black "Oscar1961"]
[Result "1-0"]
[WhiteElo "1500"]
[BlackElo "1312"]

1. e4 e5 2. Bc4 Be7 3. Nf3 d6 4. Nc3 f6 5. d3 f5 6. exf5 Bxf5 7. Bd2 c6 8. Ng5
Bxg5 9. Bxg5 Qxg5 10. Qf3 g6 11. g3 Ne7 12. h4 Qf6 13. O-O-O d5 14. Bb3 e4 15.
dxe4 dxe4 16. Nxe4 Qf8 17. Nd6+ Kd7 18. Nf7+ Kc7 19. Nxh8 Qxh8 20. Rhe1 Qe8 21.
Qf4+ Kb6 22. Qb4+ Ka6 23. Rxe7 Qf8 24. Bc4+ b5 25. Qa3+ Kb6 26. Be2 c5 27. Rxh7
Nc6 28. Bf3 b4 29. Qa4 Rc8 30. Bxc6 Rxc6 31. Qxa7+ Kb5 32. Qb7+ Rb6 33. a4+ Ka5
34. Qa7+ Ra6 35. Qc7+ Kxa4 36. b3+ Ka3 37. Qe5 Be6 38. Qb2# 1-0

[Event "Challenge"]
[Site "http://www.queenalice.com/game.php?id=1159667"]
[Date "2013.3.10"]
[Round "-"]
[White "Metchess"]
[Black "Ew"]
[Result "1-0"]
[WhiteElo "1633"]
[BlackElo "1625"]

1. e4 e5 2. Qf3 Nf6 3. Bc4 c6 4. a4 d5 5. exd5 cxd5 6. Bb3 e4 7. Qe3 Na6 8. c3
Bc5 9. Qg3 Ng4 10. Bd1 Bxf2+ 11. Qxf2 Nxf2 12. Kxf2 Qh4+ 13. g3 Qf6+ 14. Kg2 Nc5
15. Be2 O-O 16. Ra3 e3 17. dxe3 Ne4 18. Nf3 1-0

[Event "Challenge"]
[Site "http://www.queenalice.com/game.php?id=1159668"]
[Date "2013.3.10"]
[Round "-"]
[White "Ew"]
[Black "Metchess"]
[Result "1-0"]
[WhiteElo "1657"]
[BlackElo "1601"]

1. e4 e5 2. Nf3 Nc6 3. Nc3 Nf6 4. Bc4 a6 5. Ng5 d5 6. exd5 Nd4 7. d6 Be6 8. dxc7
Qxc7 9. Bxe6 Nxe6 10. Nxe6 fxe6 11. d3 Bc5 12. O-O h5 13. Bg5 Ng4 14. Ne4 Be7
15. c3 Bxg5 16. Nxg5 e4 17. g3 Qe5 18. Qa4+ b5 19. Qxe4 Qxe4 20. Nxe4 Ke7 21.
Nc5 e5 22. f3 1-0

[Event "AUTO-ADV-2788"]
[Site "http://www.queenalice.com/game.php?id=1161102"]
[Date "2013.3.15"]
[Round "1"]
[White "IlTurlaghino"]
[Black "Metchess"]
[Result "1-0"]
[WhiteElo "1983"]
[BlackElo "1583"]

1. d4 d5 2. c4 Nf6 3. Nc3 Nc6 4. cxd5 Nxd5 5. e3 Be6 6. Bb5 Qd7 7. Nf3 a6 8.
Bxc6 Qxc6 9. Bd2 h6 10. Ne5 Qd6 11. Qa4+ c6 12. Ne4 Qc7 13. O-O b5 14. Qc2 Bf5
15. g4 Bxe4 16. Qxe4 Nf6 17. Qxc6+ Qxc6 18. Nxc6 Nxg4 19. Rac1 e6 20. f3 Nf6 21.
Ne5 Bd6 22. Rc6 Ke7 23. Rfc1 Bxe5 24. dxe5 Nd7 25. Bb4+ Ke8 26. Rc8+ Rxc8 27.
Rxc8# 1-0

[Event "AUTO-ADV-2788"]
[Site "http://www.queenalice.com/game.php?id=1161103"]
[Date "2013.3.15"]
[Round "1"]
[White "Metchess"]
[Black "IlTurlaghino"]
[Result "0-1"]
[WhiteElo "1659"]
[BlackElo "1969"]

1. e4 Nf6 2. Qf3 d6 3. d4 c6 4. c3 g6 5. Bc4 Bg4 6. Qf4 Qc7 7. h3 Bd7 8. Nf3 Bg7
9. Ng5 O-O 10. O-O e5 11. dxe5 dxe5 12. Qe3 b5 13. Bb3 a5 14. Bxf7+ Rxf7 15.
Nxf7 Kxf7 16. Nd2 c5 17. c4 b4 18. Nb3 Na6 19. g4 a4 20. Nd2 Bc6 21. g5 Nh5 22.
Nb1 Bd7 23. Qf3+ Kg8 24. Be3 Rf8 25. Qe2 Bxh3 26. Rd1 Qe7 27. f3 h6 28. gxh6 Qh4
29. Qf2 Ng3 30. Re1 Bf1 31. Qh2 g5 32. Qxh4 gxh4 33. Nd2 Bh8 34. Kf2 Bd3 35. Rg1
Kh7 36. Bg5 Bf6 37. Bxf6 Rxf6 38. b3 Nb8 39. bxa4 Nc6 40. Nb3 Nd4 41. Nxd4 exd4
42. e5 Re6 43. f4 Kxh6 44. Rad1 Bxc4 45. Rc1 Ne4+ 46. Kg2 Be2 47. Kh3 Kh5 48.
Rce1 d3 49. Rg7 Bg4+ 50. Kh2 d2 51. Ra1 c4 52. Rc7 c3 53. Kg1 Be2 54. Kg2 Rg6+
55. Kh2 Kg4 56. a5 Kf3 57. f5 Rg3 58. e6 Nf2 59. e7 Rg2# 0-1

[Event "AUTO-ADV-2788"]
[Site "http://www.queenalice.com/game.php?id=1161118"]
[Date "2013.3.15"]
[Round "1"]
[White "Artking"]
[Black "Metchess"]
[Result "1-0"]
[WhiteElo "1849"]
[BlackElo "1587"]

1. e4 e5 2. Nf3 Nc6 3. Bb5 Nb4 4. Nxe5 Qg5 5. Nf3 Qxb5 6. Nc3 Qc5 7. d4 Qh5 8.
Bf4 d5 9. a3 Qg4 10. axb4 Qxf4 11. Qe2 Bxb4 12. Qb5+ c6 13. Qxb4 Ne7 14. O-O
dxe4 15. Ne5 e3 16. fxe3 Qxe3+ 17. Kh1 O-O 18. Qxe7 Qxd4 19. Nxf7 Bd7 20. Rad1
Rae8 21. Qxf8+ Rxf8 22. Rxd4 Be6 23. Rdf4 Bxf7 24. Ne4 h6 25. Nd6 g5 26. Rxf7
Rd8 27. Ne4 b5 28. Rxa7 Rc8 29. Nf6+ Kf8 30. Nd5+ Ke8 31. Re7+ Kd8 32. Rf8# 1-0

[Event "AUTO-ADV-2788"]
[Site "http://www.queenalice.com/game.php?id=1161119"]
[Date "2013.3.15"]
[Round "1"]
[White "Metchess"]
[Black "Artking"]
[Result "0-1"]
[WhiteElo "1610"]
[BlackElo "1780"]

1. e4 c5 2. Bc4 Nc6 3. Nf3 d6 4. Ng5 e6 5. Qf3 Nf6 6. Nc3 h6 7. Nh3 g5 8. Qe3
Nd4 9. Qd3 a6 10. Na4 b5 11. Bb3 bxa4 12. Bxa4+ Bd7 13. Bxd7+ Qxd7 14. b4 Bg7
15. Bb2 Ng4 16. O-O Ne5 17. Qg3 Ne2+ 18. Kh1 Nxg3+ 19. fxg3 O-O 20. bxc5 dxc5
21. Bc3 Ng4 22. Bxg7 Kxg7 23. Nf2 h5 24. Nxg4 hxg4 25. d3 Qd4 26. Rab1 Rh8 27.
Rb7 Rxh2+ 28. Kxh2 Rh8# 0-1

[Event "AUTO-ADV-2788"]
[Site "http://www.queenalice.com/game.php?id=1161128"]
[Date "2013.3.15"]
[Round "1"]
[White "Gorgona"]
[Black "Metchess"]
[Result "0-1"]
[WhiteElo "1551"]
[BlackElo "1638"]

1. e4 Nc6 2. d4 d5 3. Nc3 dxe4 4. Nxe4 Qxd4 5. Qxd4 Nxd4 6. Bd3 Bf5 7. c3 Nc6 8.
Nf3 e5 9. Nh4 Bd7 10. O-O Be7 11. Nf3 h6 12. h4 f5 13. Re1 fxe4 14. Bxe4 Nf6 15.
Bxc6 Bxc6 16. Nxe5 Bd5 17. c4 Bf7 0-1

[Event "AUTO-ADV-2788"]
[Site "http://www.queenalice.com/game.php?id=1161129"]
[Date "2013.3.15"]
[Round "1"]
[White "Metchess"]
[Black "Gorgona"]
[Result "1-0"]
[WhiteElo "1614"]
[BlackElo "1551"]

1. e4 e5 2. Nf3 Nc6 3. Nc3 Nf6 4. b3 d5 5. exd5 Nxd5 6. Bb2 Bb4 7. Bc4 Nxc3 8.
Bxc3 Bxc3 9. dxc3 Qxd1+ 10. Kxd1 Bg4 11. Be2 O-O-O+ 12. Kc1 e4 13. Nd4 Bxe2 14.
Nxe2 f5 15. c4 Nd4 16. Nxd4 Rxd4 17. h4 1-0

[Event "AUTO-OPEN-2941"]
[Site "http://www.queenalice.com/game.php?id=1161357"]
[Date "2013.3.15"]
[Round "1"]
[White "Metchess"]
[Black "CruzVictor"]
[Result "1-0"]
[WhiteElo "1606"]
[BlackElo "1073"]

1. e4 e5 2. Qf3 Nf6 3. Nc3 d6 4. Bc4 Bg4 5. Qd3 c5 6. h3 Bh5 7. Nf3 Nc6 8. a3
Rc8 9. g4 Bg6 10. g5 Nh5 11. Nd5 f6 12. h4 h6 13. gxf6 Nxf6 14. Rg1 Bxe4 15.
Nxf6+ gxf6 16. Qxe4 d5 17. Bxd5 Qd7 18. Qg6+ Kd8 19. Qxf6+ Kc7 20. Qxh8 1-0

[Event "AUTO-OPEN-2941"]
[Site "http://www.queenalice.com/game.php?id=1161358"]
[Date "2013.3.15"]
[Round "1"]
[White "CruzVictor"]
[Black "Metchess"]
[Result "0-1"]
[WhiteElo "1073"]
[BlackElo "1606"]

1. e4 d5 2. exd5 Qxd5 3. Nc3 Qe5+ 4. Be2 Nf6 5. Nf3 Qd6 6. d4 Nc6 7. d5 Nb4 8.
Bc4 Bf5 9. Nd4 Qe5+ 10. Be3 Bg4 11. Nf3 Bxf3 12. gxf3 O-O-O 13. f4 Qf5 14. Be2
Nxc2+ 15. Kd2 Nxa1 16. Qxa1 Nxd5 17. Rg1 Nxf4+ 18. Ke1 Nxe2 19. Nxe2 e5 20. Rg5
Qh3 21. Rxe5 Qxh2 22. Ng3 Qg1+ 0-1

[Event "AUTO-OPEN-2941"]
[Site "http://www.queenalice.com/game.php?id=1161359"]
[Date "2013.3.15"]
[Round "1"]
[White "Metchess"]
[Black "Paulsains"]
[Result "1-0"]
[WhiteElo "1574"]
[BlackElo "1835"]

1. e4 e5 2. d4 exd4 3. Qxd4 Nc6 4. Qe3 Qf6 5. Nf3 d6 6. Bd2 Bg4 7. Bc3 Qh6 8.
Qxh6 Nxh6 9. Nbd2 O-O-O 10. h3 Bd7 11. O-O-O f6 12. g4 Nf7 13. Bc4 Nce5 14. Nxe5
Nxe5 15. Be2 Be7 16. f4 Nf7 17. Nc4 Bc6 18. Bf3 g5 19. f5 h6 20. a3 Ne5 21. Nxe5
dxe5 22. b4 Bd7 23. Bb2 b6 24. c3 Ba4 25. Rxd8+ Rxd8 26. Bd1 Bxd1 27. Rxd1 Rxd1+
28. Kxd1 Kd7 29. c4 Kc6 30. Kd2 a5 31. bxa5 bxa5 32. a4 Bb4+ 33. Kd3 Kc5 34. Bc1
Be1 35. Be3+ Kd6 36. c5+ Kc6 37. Kc4 Bg3 38. Bd2 Bf2 39. Bxa5 Bxc5 40. Be1 Bb6
41. h4 Kb7 42. hxg5 hxg5 43. Kd5 c6+ 44. Ke6 Bd8 45. Kd7 Bc7 46. Ke7 c5 47. Kxf6
c4 48. Kxg5 Bd8+ 49. f6 Kc7 50. Kg6 Kd7 51. f7 Be7 52. g5 Bf8 53. Kf6 1-0

[Event "AUTO-OPEN-2941"]
[Site "http://www.queenalice.com/game.php?id=1161360"]
[Date "2013.3.15"]
[Round "1"]
[White "Paulsains"]
[Black "Metchess"]
[Result "1-0"]
[WhiteElo "1835"]
[BlackElo "1629"]

1. e4 d5 2. exd5 Qxd5 3. Nc3 Qd4 4. Nf3 Qd6 5. Be2 Nf6 6. h3 Nc6 7. O-O Bf5 8.
d3 e5 9. Nb5 Qd7 10. c4 a6 11. Nc3 Bd6 12. a3 e4 13. dxe4 Nxe4 14. Nxe4 Bxe4 15.
Bg5 O-O 16. Re1 f6 17. Be3 Rfd8 18. c5 Be7 19. Qxd7 Rxd7 20. Nd2 Bg6 21. Rad1
Rad8 22. b4 Bf7 23. g4 g5 24. f4 f5 25. gxf5 gxf4 26. Bxf4 Bh4 27. Rf1 Nd4 28.
Bg4 h5 29. Bf3 Nxf5 30. Bxb7 Bc4 31. Rf3 Be2 32. Rdf1 Bxf3 33. Nxf3 Rd3 34. Bxc7
R8d7 35. Bxa6 Rxa3 36. Bc4+ Kh7 37. Nxh4 Rxc7 38. Rxf5 Kh6 39. Rf3 Rxf3 40. Nxf3
Kg6 41. Kf2 Kf5 42. Ke3 Re7+ 43. Kd3 Kf4 44. Nd2 Re3+ 45. Kc2 Rxh3 46. c6 Ra3
47. c7 Ra8 48. b5 Ke5 49. b6 Rc8 50. b7 Rxc7 51. b8=Q Kd6 52. Ne4+ Kc6 53. Qb5#
1-0

[Event "AUTO-OPEN-2941"]
[Site "http://www.queenalice.com/game.php?id=1161361"]
[Date "2013.3.15"]
[Round "1"]
[White "Metchess"]
[Black "Spessatto"]
[Result "1/2-1/2"]
[WhiteElo "1583"]
[BlackElo "1819"]

1. e4 e5 2. d4 Nc6 3. d5 Nce7 4. Nf3 Ng6 5. Bc4 Bc5 6. O-O d6 7. a3 a6 8. b4 Ba7
9. c3 h6 10. a4 Bd7 11. Na3 Nf6 12. Re1 Ng4 13. Be3 Nxe3 14. fxe3 O-O 15. b5
axb5 16. Nxb5 Bb6 17. Qd2 Ba5 18. h3 Nh4 19. Nxh4 Qxh4 20. Bd3 Qg5 21. g4 c6 22.
Nxd6 Qh4 23. Re2 Qxh3 24. Rg2 Bxg4 25. Be2 Bxe2 26. Qxe2 Bxc3 27. Rc1 Bb4 28.
Nxb7 cxd5 29. exd5 Rab8 30. Nc5 Rbc8 31. Nb3 Rxc1+ 32. Nxc1 Bc5 33. Nd3 Bxe3+
34. Nf2 Bxf2+ 35. Kxf2 Qb3 36. Qxe5 Qc2+ 37. Kf3 Qd3+ 38. Kf2 Qc2+ 39. Kf3 Qd3+
40. Kf2 Qd2+ 1/2-1/2

[Event "AUTO-OPEN-2941"]
[Site "http://www.queenalice.com/game.php?id=1161362"]
[Date "2013.3.15"]
[Round "1"]
[White "Spessatto"]
[Black "Metchess"]
[Result "1-0"]
[WhiteElo "1848"]
[BlackElo "1606"]

1. d4 d5 2. h3 Nc6 3. Nf3 Nf6 4. Bf4 Bf5 5. c3 h6 6. e3 g5 7. Bh2 e6 8. Bd3 g4
9. Ne5 Nxe5 10. dxe5 Ne4 11. Bxe4 Bxe4 12. Qxg4 Qe7 13. Nd2 Bf5 14. Qe2 Rg8 15.
g4 Bg6 16. Qb5+ c6 17. Qb3 O-O-O 18. a4 Bg7 19. a5 Qc7 20. Qa4 Bxe5 21. Bxe5
Qxe5 22. Nb3 Be4 23. Rg1 Qh2 24. O-O-O Qxf2 25. Nd2 Qxe3 26. Rge1 Qxh3 27. a6 b5
28. Qb4 Kb8 29. Qe7 Qxg4 30. Qb7# 1-0

[Event "vamos nessa?"]
[Site "http://www.queenalice.com/game.php?id=1168846"]
[Date "2013.4.6"]
[Round "-"]
[White "kavalheiro"]
[Black "Metchess"]
[Result "1-0"]
[WhiteElo "1531"]
[BlackElo "1625"]

1. e4 Nc6 2. Bc4 Nf6 3. Qf3 Ne5 4. Qb3 Nxc4 5. Qxc4 e5 6. Nf3 d6 7. Ng5 Qd7 8.
O-O h6 9. Nf3 g5 10. d4 Nxe4 11. h3 Bg7 12. Nfd2 Qf5 13. Nf3 c6 14. Nc3 Nxc3 15.
Qxc3 d5 16. Bd2 O-O 17. Rae1 e4 18. Ne5 f6 19. Nc4 Qe6 20. Ne3 f5 21. b4 b5 22.
Qc5 f4 23. Nd1 f3 24. Re3 h5 25. Rfe1 g4 26. Kf1 fxg2+ 27. Kxg2 gxh3+ 28. Kf1 h2
29. Ke2 Qg4+ 30. f3 h1=Q 31. Rxh1 Qg2+ 32. Nf2 exf3+ 33. Ke1 Bh6 34. Qxc6 Bxe3
35. Bxe3 Bf5 36. Qxd5+ Rf7 37. Qxa8+ Kg7 38. Rxh5 Qg1+ 39. Kd2 Qb1 40. Qh8+ Kg6
41. Qh6# 1-0

[Event "Challenge"]
[Site "http://www.queenalice.com/game.php?id=1170171"]
[Date "2013.4.10"]
[Round "-"]
[White "Metchess"]
[Black "fougalios"]
[Result "0-1"]
[WhiteElo "1654"]
[BlackElo "1713"]

1. e4 d5 2. e5 c5 3. d4 cxd4 4. Qxd4 Nc6 5. Qf4 Qc7 6. Nf3 h5 7. Nc3 Bg4 8. Nxd5
Qa5+ 9. Nc3 Bxf3 10. Qxf3 Qxe5+ 11. Be3 e6 12. O-O-O Qa5 13. a3 Bxa3 14. Kb1 Nf6
15. bxa3 Qxc3 16. Bc1 Qxf3 17. gxf3 Nd5 18. Bb2 f6 19. Bh3 Kf7 20. c4 Nde7 21.
f4 Rad8 22. Rde1 f5 23. Rhg1 Rd2 24. Rxg7+ Kf8 25. Bg2 Rxb2+ 26. Kxb2 Kxg7 27.
Rxe6 Kf7 28. Bd5 Kf8 29. c5 Nxd5 30. Re2 Nxf4 31. Rd2 Ke7 32. Kb3 Rd8 33. Rc2
Nd4+ 34. Kc3 Nxc2 0-1

[Event "Challenge"]
[Site "http://www.queenalice.com/game.php?id=1174897"]
[Date "2013.4.24"]
[Round "-"]
[White "Metchess"]
[Black "ValterPinto"]
[Result "0-1"]
[WhiteElo "1640"]
[BlackElo "1740"]

1. e4 e5 2. Nc3 Nf6 3. Nf3 Nc6 4. Bc4 Be7 5. h3 O-O 6. b3 a6 7. a4 Re8 8. Ng5
Rf8 9. Bb2 h6 10. Nxf7 Rxf7 11. Nd5 Nxd5 12. Bxd5 Bf6 13. Bxf7+ Kxf7 14. Qh5+
Kg8 15. c4 d6 16. Qf3 Be6 17. d3 Nb4 18. g4 Nc2+ 19. Kd2 Nxa1 20. Bxa1 Bg5+ 21.
Kc2 c6 22. c5 d5 23. Bxe5 Qa5 24. Bd4 Qd2+ 25. Kb1 Rf8 26. Qg3 dxe4 27. Qe5 Rf6
28. Qb8+ Rf8 29. Qxb7 Qxd3+ 30. Ka2 Qxd4 31. Qxc6 Bxb3+ 32. Kxb3 Rf3+ 33. Kc2
Qd2+ 34. Kb1 Rb3+ 35. Ka1 Qb2# 0-1

[Event "Vamos jogar?"]
[Site "http://www.queenalice.com/game.php?id=1178916"]
[Date "2013.5.5"]
[Round "-"]
[White "Metchess"]
[Black "hdlp"]
[Result "0-1"]
[WhiteElo "1655"]
[BlackElo "1766"]

1. e4 e5 2. Bc4 Bc5 3. Nf3 Nc6 4. O-O d6 5. Ng5 Qxg5 6. Qf3 Qf6 7. d3 Qxf3 8.
gxf3 Bh3 9. Re1 Nd4 10. a4 Nxc2 11. Re2 Nxa1 12. Nc3 a6 13. Nd5 Rc8 14. f4 Ne7
15. f5 Nxd5 16. Bxd5 c6 17. Bc4 d5 18. exd5 f6 19. dxc6 bxc6 20. Bxa6 Rb8 21.
Bc4 Bd4 22. a5 Bxf5 23. Rd2 Ke7 24. b3 Nxb3 25. Bxb3 Rxb3 26. h3 Rxd3 27. Ra2
Rd1+ 28. Kg2 Rxc1 29. a6 Be4+ 30. Kg3 Bd5 31. a7 Bxa2 32. a8=B Rxa8 33. f4 exf4+
0-1

[Event "AUTO-INT-2748"]
[Site "http://www.queenalice.com/game.php?id=1227990"]
[Date "2013.10.28"]
[Round "1"]
[White "Luke1416"]
[Black "Metchess"]
[Result "1-0"]
[WhiteElo "1517"]
[BlackElo "1629"]

1. e4 e5 2. Nf3 Nc6 3. a3 Nf6 4. d3 Be7 5. b4 a6 6. Bg5 h6 7. Bxf6 Bxf6 8. Be2
g5 9. h3 Nd4 10. Nxd4 exd4 11. Nd2 b5 12. O-O d6 13. a4 Bd7 14. axb5 Bxb5 15.
Nb3 Be5 16. Na5 Rb8 17. Bh5 Bd7 18. Qf3 Qe7 19. Rfb1 O-O 20. Bg4 c5 21. Bxd7
Qxd7 22. bxc5 dxc5 23. Nc4 Rxb1+ 24. Rxb1 Qc7 25. Nxe5 Qxe5 26. Rb6 Qc7 27. Rxh6
Rb8 28. g3 Rb1+ 29. Kg2 a5 30. Qg4 f6 31. Rxf6 Qg7 32. Qc8+ Kh7 33. Rf5 a4 34.
Qxc5 Ra1 35. Rxg5 Qf7 36. Qxd4 Ra2 37. c4 a3 38. Rf5 Qg7 39. h4 1-0

[Event "AUTO-INT-2748"]
[Site "http://www.queenalice.com/game.php?id=1227991"]
[Date "2013.10.28"]
[Round "1"]
[White "Metchess"]
[Black "Luke1416"]
[Result "0-1"]
[WhiteElo "1609"]
[BlackElo "1537"]

1. e4 e5 2. Qf3 d6 3. Bc4 Nf6 4. d3 a6 5. a4 c6 6. h3 Nbd7 7. Bg5 h6 8. Be3 c5
9. Nc3 Nb6 10. Bb3 Qe7 11. g4 Nbd7 12. a5 Qd8 13. Ba4 b5 14. axb6 Qxb6 15. h4
Qxb2 16. Rb1 Qxc3+ 17. Bd2 Qa3 18. Bb3 a5 19. Bc3 c4 20. Ra1 Qc5 21. Bxc4 Nb6
22. Ne2 Nxc4 23. dxc4 Qxc4 24. g5 Qxe4 25. Qxe4 Nxe4 26. Bb2 hxg5 27. Ng3 Nxg3
28. fxg3 gxh4 29. Rxh4 Rxh4 30. gxh4 g6 31. Bc3 Bf5 32. Kd2 Be7 33. Ke3 Bxh4 34.
Rh1 g5 35. Ke2 Bxc2 36. Kf3 a4 37. Bb4 Kd7 38. Ke3 a3 39. Kd2 Bh7 0-1

[Event "AUTO-INT-2748"]
[Site "http://www.queenalice.com/game.php?id=1228004"]
[Date "2013.10.28"]
[Round "1"]
[White "saturnin"]
[Black "Metchess"]
[Result "0-1"]
[WhiteElo "1495"]
[BlackElo "1599"]

1. b4 e5 2. a3 d5 3. g3 b5 4. Bg2 Bb7 5. d3 c6 6. e3 Nf6 7. Ne2 Nbd7 8. O-O h5
9. e4 d4 10. c3 c5 11. cxd4 cxd4 12. f4 Bd6 13. fxe5 Bxe5 14. Bb2 Ng4 15. Qd2
Ne3 16. Rf2 Nf6 17. Bh1 Nfg4 18. Rf3 h4 19. Nf4 Qf6 20. h3 hxg3 21. Rxe3 Nxe3
22. Qe2 Qxf4 23. Bg2 Rc8 24. Nd2 Rc2 25. Bc1 Bc8 26. Qf3 Qxf3 27. Nxf3 Bxh3 28.
Nd2 Bxg2 29. Nb3 Rh1# 0-1

[Event "AUTO-INT-2748"]
[Site "http://www.queenalice.com/game.php?id=1228005"]
[Date "2013.10.28"]
[Round "1"]
[White "Metchess"]
[Black "saturnin"]
[Result "1-0"]
[WhiteElo "1586"]
[BlackElo "1495"]

1. e4 e5 2. Nf3 d6 3. Bc4 Nc6 4. Nc3 g6 5. Ng5 Bg7 6. Nxf7 Qe7 7. Nxh8 Bxh8 8.
O-O Nf6 9. d3 Be6 10. Nd5 Nxd5 11. exd5 Na5 12. Qf3 Bf7 13. Bb5+ c6 14. dxc6 b6
15. c7+ Kf8 16. Qxa8+ Kg7 17. c8=Q 1-0

[Event "AUTO-INT-2748"]
[Site "http://www.queenalice.com/game.php?id=1228014"]
[Date "2013.10.28"]
[Round "1"]
[White "Metchess"]
[Black "pacou93"]
[Result "0-1"]
[WhiteElo "1612"]
[BlackElo "1828"]

1. e4 e5 2. Bc4 Bc5 3. Nf3 Nf6 4. Nc3 O-O 5. Nxe5 Bd4 6. f4 Bxc3 7. dxc3 Nxe4 8.
Qd5 Nd6 9. f5 Nxc4 10. Qxc4 Qe8 11. Qxc7 Nc6 12. O-O Nxe5 13. Re1 Nf3+ 14. gxf3
Qxe1+ 15. Kg2 d5 16. Qc5 Bxf5 17. Qxd5 Bxc2 18. Qxb7 g5 19. Qb5 h6 20. Bxg5 Qxa1
21. Bxh6 Rab8 22. Qg5+ Bg6 23. Qf6 Rxb2+ 24. Kh3 Qf1+ 25. Kg3 Qg2+ 26. Kf4 Qxh2+
27. Ke3 Qxh6+ 28. f4 Re8+ 29. Kd4 Rd2+ 30. Kc4 Bd3+ 31. Kb3 Rb8+ 32. Ka3 Qxf6
33. f5 Qa6# 0-1

[Event "AUTO-INT-2748"]
[Site "http://www.queenalice.com/game.php?id=1228015"]
[Date "2013.10.28"]
[Round "1"]
[White "pacou93"]
[Black "Metchess"]
[Result "0-1"]
[WhiteElo "1837"]
[BlackElo "1604"]

1. e4 e5 2. Nf3 Nc6 3. Bc4 a6 4. d4 b5 5. Bd5 Bb7 6. O-O Nge7 7. Bxc6 Bxc6 8. d5
Bb7 9. Nxe5 f6 10. Nf3 Ng6 11. Bf4 Nxf4 12. Nc3 g5 13. Nd4 Qe7 14. Nf5 Qe5 15.
f3 b4 16. Na4 c6 17. g3 Nh3+ 18. Kg2 g4 19. Qd4 Ng5 20. Qxe5+ fxe5 21. h4 gxf3+
22. Kh2 Nxe4 23. Rxf3 cxd5 24. Ne3 d4 25. Nf5 Nc5 26. Rf2 Nxa4 27. b3 Nc3 28. g4
Ne4 29. Re2 d6 0-1